<?xml version="1.0" encoding="UTF-8"?>
<collection xmlns="http://www.loc.gov/MARC21/slim">
 <record>
  <leader>02765cam a2200481  a4500</leader>
  <controlfield tag="001">1136550453</controlfield>
  <controlfield tag="003">DE-627</controlfield>
  <controlfield tag="005">20250220171835.0</controlfield>
  <controlfield tag="007">tu</controlfield>
  <controlfield tag="008">980619m19991999xx |||||      00| ||ger c</controlfield>
  <datafield tag="020" ind1=" " ind2=" ">
   <subfield code="a">3484202114</subfield>
   <subfield code="9">3-484-20211-4</subfield>
  </datafield>
  <datafield tag="020" ind1=" " ind2=" ">
   <subfield code="a">348421211X</subfield>
   <subfield code="9">3-484-21211-X</subfield>
  </datafield>
  <datafield tag="035" ind1=" " ind2=" ">
   <subfield code="a">(DE-627)1136550453</subfield>
  </datafield>
  <datafield tag="035" ind1=" " ind2=" ">
   <subfield code="a">(DE-576)066550459</subfield>
  </datafield>
  <datafield tag="035" ind1=" " ind2=" ">
   <subfield code="a">(DE-599)BSZ066550459</subfield>
  </datafield>
  <datafield tag="035" ind1=" " ind2=" ">
   <subfield code="a">(DE-604)8125986653</subfield>
  </datafield>
  <datafield tag="040" ind1=" " ind2=" ">
   <subfield code="a">DE-627</subfield>
   <subfield code="b">ger</subfield>
   <subfield code="c">DE-627</subfield>
   <subfield code="e">rakwb</subfield>
  </datafield>
  <datafield tag="041" ind1=" " ind2=" ">
   <subfield code="a">ger</subfield>
  </datafield>
  <datafield tag="072" ind1=" " ind2="7">
   <subfield code="a">LCO017000</subfield>
   <subfield code="2">bisacsh</subfield>
  </datafield>
  <datafield tag="072" ind1=" " ind2="7">
   <subfield code="a">LIT011000</subfield>
   <subfield code="2">bisacsh</subfield>
  </datafield>
  <datafield tag="072" ind1=" " ind2="7">
   <subfield code="a">LIT004170</subfield>
   <subfield code="2">bisacsh</subfield>
  </datafield>
  <datafield tag="082" ind1="0" ind2=" ">
   <subfield code="a">831/.21</subfield>
  </datafield>
  <datafield tag="084" ind1=" " ind2=" ">
   <subfield code="a">GF 3794</subfield>
   <subfield code="2">rvk</subfield>
   <subfield code="0">(DE-625)rvk/39620:11807</subfield>
  </datafield>
  <datafield tag="084" ind1=" " ind2=" ">
   <subfield code="a">GE 8665</subfield>
   <subfield code="2">rvk</subfield>
   <subfield code="0">(DE-625)rvk/39347:</subfield>
  </datafield>
  <datafield tag="084" ind1=" " ind2=" ">
   <subfield code="a">GF 3795</subfield>
   <subfield code="2">rvk</subfield>
   <subfield code="0">(DE-625)rvk/39620:11808</subfield>
  </datafield>
  <datafield tag="245" ind1="1" ind2="4">
   <subfield code="a">Das Eckenlied</subfield>
   <subfield code="b">sämtliche Fassungen</subfield>
   <subfield code="c">hrsg. von Francis B. Brévart</subfield>
  </datafield>
  <datafield tag="264" ind1=" " ind2="1">
   <subfield code="a">Tübingen</subfield>
   <subfield code="b">Niemeyer</subfield>
   <subfield code="c">1999</subfield>
  </datafield>
  <datafield tag="336" ind1=" " ind2=" ">
   <subfield code="a">Text</subfield>
   <subfield code="b">txt</subfield>
   <subfield code="2">rdacontent</subfield>
  </datafield>
  <datafield tag="337" ind1=" " ind2=" ">
   <subfield code="a">ohne Hilfsmittel zu benutzen</subfield>
   <subfield code="b">n</subfield>
   <subfield code="2">rdamedia</subfield>
  </datafield>
  <datafield tag="338" ind1=" " ind2=" ">
   <subfield code="a">Band</subfield>
   <subfield code="b">nc</subfield>
   <subfield code="2">rdacarrier</subfield>
  </datafield>
  <datafield tag="490" ind1="0" ind2=" ">
   <subfield code="a">Altdeutsche Textbibliothek</subfield>
   <subfield code="v">111</subfield>
  </datafield>
  <datafield tag="689" ind1="0" ind2="0">
   <subfield code="d">u</subfield>
   <subfield code="0">(DE-588)4151003-3</subfield>
   <subfield code="0">(DE-627)105549150</subfield>
   <subfield code="0">(DE-576)209784652</subfield>
   <subfield code="a">Eckenlied</subfield>
   <subfield code="2">gnd</subfield>
  </datafield>
  <datafield tag="689" ind1="0" ind2=" ">
   <subfield code="5">(DE-627)</subfield>
  </datafield>
  <datafield tag="700" ind1="1" ind2=" ">
   <subfield code="a">Brévart, Francis B.</subfield>
   <subfield code="d">1945-</subfield>
   <subfield code="e">Hrsg.</subfield>
   <subfield code="0">(DE-588)1033864498</subfield>
   <subfield code="0">(DE-627)742697681</subfield>
   <subfield code="0">(DE-576)381519260</subfield>
   <subfield code="4">edt</subfield>
  </datafield>
  <datafield tag="776" ind1="0" ind2="8">
   <subfield code="i">Erscheint auch als</subfield>
   <subfield code="n">Online-Ausgabe</subfield>
   <subfield code="t">Das Eckenlied</subfield>
   <subfield code="d">Berlin : De Gruyter, 2016</subfield>
   <subfield code="h">1 Online-Ressource (342 Seiten)</subfield>
   <subfield code="w">(DE-627)870766287</subfield>
   <subfield code="w">(DE-576)9870766285</subfield>
   <subfield code="z">9783110961423</subfield>
  </datafield>
  <datafield tag="787" ind1="0" ind2="8">
   <subfield code="i">Rezensiert in</subfield>
   <subfield code="a">Reck, Alexander, 1974 - </subfield>
   <subfield code="t">[Rezension von: Das Eckenlied, sämtliche Fassungen - Die aventiurehafte Dietrichepik, Laurin und Walberan, Der jüngere Sigenot, Das Eckenlied, Der Wunderer]</subfield>
   <subfield code="d">2002</subfield>
   <subfield code="w">(DE-627)1749073560</subfield>
  </datafield>
  <datafield tag="936" ind1="r" ind2="v">
   <subfield code="a">GF 3794</subfield>
   <subfield code="b">Gesamtausgaben</subfield>
   <subfield code="k">Germanistik. Niederlandistik. Skandinavistik</subfield>
   <subfield code="k">Deutsche Literatur</subfield>
   <subfield code="k">Mittelhochdeutsche Klassik</subfield>
   <subfield code="k">Literaturgeschichte und Textsammlungen</subfield>
   <subfield code="k">Einzelne Autoren und Werke</subfield>
   <subfield code="k">Autoren und Denkmäler D</subfield>
   <subfield code="k">Dietrichepik</subfield>
   <subfield code="k">Gesamtausgaben</subfield>
   <subfield code="0">(DE-627)127086968X</subfield>
   <subfield code="0">(DE-625)rvk/39620:11807</subfield>
   <subfield code="0">(DE-576)20086968X</subfield>
  </datafield>
  <datafield tag="936" ind1="r" ind2="v">
   <subfield code="a">GE 8665</subfield>
   <subfield code="b">Lyrik (weltliche und geistliche)</subfield>
   <subfield code="k">Germanistik. Niederlandistik. Skandinavistik</subfield>
   <subfield code="k">Deutsche Literatur</subfield>
   <subfield code="k">Deutsche Literatur des Mittelalters</subfield>
   <subfield code="k">Literaturgeschichte</subfield>
   <subfield code="k">Textsammlungen</subfield>
   <subfield code="k">Lyrik (weltliche und geistliche)</subfield>
   <subfield code="0">(DE-627)127086095X</subfield>
   <subfield code="0">(DE-625)rvk/39347:</subfield>
   <subfield code="0">(DE-576)20086095X</subfield>
  </datafield>
  <datafield tag="936" ind1="r" ind2="v">
   <subfield code="a">GF 3795</subfield>
   <subfield code="b">Einzelausgaben</subfield>
   <subfield code="k">Germanistik. Niederlandistik. Skandinavistik</subfield>
   <subfield code="k">Deutsche Literatur</subfield>
   <subfield code="k">Mittelhochdeutsche Klassik</subfield>
   <subfield code="k">Literaturgeschichte und Textsammlungen</subfield>
   <subfield code="k">Einzelne Autoren und Werke</subfield>
   <subfield code="k">Autoren und Denkmäler D</subfield>
   <subfield code="k">Dietrichepik</subfield>
   <subfield code="k">Einzelausgaben</subfield>
   <subfield code="0">(DE-627)1272165884</subfield>
   <subfield code="0">(DE-625)rvk/39620:11808</subfield>
   <subfield code="0">(DE-576)202165884</subfield>
  </datafield>
  <datafield tag="951" ind1=" " ind2=" ">
   <subfield code="a">MC</subfield>
  </datafield>
  <datafield tag="990" ind1=" " ind2=" ">
   <subfield code="a">Eckenlied</subfield>
  </datafield>
  <datafield tag="991" ind1=" " ind2=" ">
   <subfield code="a">Rezensiertes Werk</subfield>
  </datafield>
  <datafield tag="999" ind1=" " ind2=" ">
   <subfield code="a">KXP-PPN1136550453</subfield>
   <subfield code="e">4020526117</subfield>
  </datafield>
 </record>
</collection>
